000 00549nam a2200181Ia 4500
008 090123s9999 xx 000 0 und d
082 _b23778
_a891.463/पाचार
100 _aपाचारणे साईनाथ
245 _aलव्हाळ
250 _a1
260 _bपरिमल प्रकाशन
_c1994
300 _a88
600 _aपाचारणे साईनाथ
630 _aलव्हाळ
700 _aपाचारणे साईनाथ
730 _aलव्हाळ
942 _cBOOK
999 _c61849
_d61849